00946nam a2200265 i 4500001001000000003000900010005001700019008004100036040003100077082001900108100005000127245004000177264004100217300004300258336002600301337002800327338002700355504005200382650003100434653001700465655002400482942001200506999001700518952014500535014289208EG-ScBUE20260120100307.0070024s1964 enka g b 001 0 eng d aUkbengerdacUkdEG-ScBUE04222a551.5bMIL1 aMiller, Arthur Austin,eauthor.934710d1900-10aClimatology /bby A. Austin Miller. 1aLondon : bMethuen & Co. LTD.c1964. ax, 320 pages :billustrations ;c22 cm 2rdacontentatextbtxt aunmediated2rdamediabn avolumebnc2rdacarrier aIncludes bibliographical references and index.  7934711aClimatology.2BUEsh cDecember2013 vReading book934232 2ddccBB c17881d17853 00102ddc40708Donation-GaMAINbMAINc1STd2013-12-19eDonationl1o551.5 MILp000035249r2025-07-15 00:00:00s2014-12-08w2013-12-19yBB